000
00285nam a22001337a 4500
008
170914b xxu||||| |||| 00| 0 eng d
020
_a
9790030789860
041
_a
eng
080
_a
7
100
_a
44
101
_a
ART
245
_a
FINE ART TRANSPARENCIES
_c
HOLT
942
_2
udc
_c
BK
999
_c
27503
_d
27503